Word Ladder: What Not to Do to Flags Quiz Stats

Quiz Updated Nov 21, 2015

Challenge
Share
Tweet
Embed
Score 0/30 Timer 03:00
0 Plays Today
Clue 4-Letter Word % Correct
Satan's domainHELL
96.9%
🎌 Have on as clothing 🎌🎌 WEAR 🎌
96.5%
🎌 Rip a hole in 🎌🎌 TEAR 🎌
96.3%
Farm buildingBARN
94.8%
Large university roomHALL
94.7%
Outer part of a treeBARK
94.3%
Color akin to turquoiseTEAL
93.7%
Come to a standstillHALT
93.3%
Effectively treatHEAL
92.8%
To prepare a mealCOOK
92.6%
Pirate captain in 'Peter Pan'HOOK
92.4%
Zero, on a tennis courtLOVE
92.2%
The 'L' in 'SNL'LIVE
91.7%
Owl's cryHOOT
91.6%
🎌 Set alight 🎌🎌 BURN 🎌
91.2%
Clue 4-Letter Word % Correct
🎌 Fail to keep 🎌🎌 LOSE 🎌
90.9%
Enclosure for chickensCOOP
90.1%
Talk show moderatorHOST
89.9%
Prepared barley used in brewingMALT
89.8%
Water-transporting tubeHOSE
88.3%
🎌 Don't ____ a flag upside down 🎌🎌 TURN 🎌
86.2%
🎌 Fail to hold 🎌🎌 DROP 🎌
84.7%
Short haircutCROP
84.3%
In no doubtSURE
83.1%
🎌 To stain 🎌🎌 MARK 🎌
82.6%
Trading placeMART
81.6%
'Your majesty'SIRE
81.6%
Onetime Trevi Fountain coinsLIRE
80.3%
Gang territoryTURF
79.4%
Partner of [previous rung]SURF
72.7%

Today's Daily Dose

You're not logged in!

Compare scores with friends on all Sporcle quizzes.
Join for Free
OR
Log In

You Might Also Like...

Show Comments

Extras

Top Quizzes Today


Score Distribution

Your Account Isn't Verified!

In order to create a playlist on Sporcle, you need to verify the email address you used during registration. Go to your Sporcle Settings to finish the process.

Report this User

Report this user for behavior that violates our Community Guidelines.

Details: